[Event "14e Open International - St Denis de la "]
[Site "Saint Denis"]
[Date "2012.10.06"]
[Round "1.29"]
[White "Weber, Richard"]
[Black "Noel, Philippe"]
[Result "1-0"]
[WhiteElo "1811"]
[BlackElo "1380"]
[PlyCount "93"]
[EventDate "2012.??.??"]

1. e4 e5 2. Nf3 Nc6 3. Bb5 Bd6 4. O-O Nge7 5. d3 O-O 6. Bg5 h6 7. Bh4 Qe8 8.
Nbd2 Ng6 9. Bg3 a6 10. Ba4 b5 11. Bb3 Bb7 12. Bd5 Rb8 13. a3 Nce7 14. Bxb7 Rxb7
15. c4 Nc6 16. b4 Qe6 17. c5 Be7 18. Qb3 Qf6 19. Qd5 Rd8 20. Rfe1 Rbb8 21. Nf1
Bf8 22. d4 Nce7 23. Qb3 d6 24. cxd6 cxd6 25. dxe5 dxe5 26. Red1 Nc6 27. Ne3 Nf4
28. Bxf4 exf4 29. Nd5 Qg6 30. Re1 Qg4 31. h3 Qe6 32. Qa2 Bd6 33. Rad1 g5 34.
Qe2 Ne5 35. Nxe5 Bxe5 36. Qg4 Qxg4 37. hxg4 Kf8 38. Rd3 Rbc8 39. Red1 Rc2 40.
Kf1 Rdc8 41. Nb6 Rc1 42. Nxc8 Rxc8 43. Rd8+ Rxd8 44. Rxd8+ Ke7 45. Ra8 Bc7 46.
Rxa6 Kd7 47. Rxh6 1-0

[Event "14e Open International - St Denis de la "]
[Site "Saint Denis"]
[Date "2012.10.06"]
[Round "1.30"]
[White "Romain, Juliane"]
[Black "Jotee, Ashvin"]
[Result "0-1"]
[WhiteElo "1367"]
[BlackElo "1799"]
[PlyCount "88"]
[EventDate "2012.??.??"]

1. e4 c6 2. d4 d5 3. Nc3 dxe4 4. Nxe4 Bf5 5. Nc3 Nf6 6. Nf3 e6 7. Bc4 Qc7 8.
Qe2 Nbd7 9. Bd2 O-O-O 10. Bd3 Bxd3 11. Qxd3 Bd6 12. g3 Kb8 13. O-O-O e5 14.
Rde1 Rhe8 15. Kb1 h6 16. Re2 Bb4 17. Rhe1 Bxc3 18. Bxc3 e4 19. Qd2 exf3 20. Re3
Rxe3 21. Rxe3 Nc5 22. Rxf3 Nce4 23. Qd3 Nxc3+ 24. Qxc3 c5 25. b3 Rxd4 26. Re3
Qd6 27. Re2 Rd1+ 28. Kb2 Qd4 29. Qxd4 Rxd4 30. Kc3 Re4 31. Rd2 Kc7 32. f4 h5
33. Rd3 Ng4 34. h4 Re3 35. Rxe3 Nxe3 36. Kd3 Nf5 37. Kc4 Kc6 38. a3 Nxg3 39. c3
Nf5 40. Kd3 Nxh4 41. Ke3 Nf5+ 42. Kf3 g6 43. Kg2 b5 44. Kf3 a5 0-1

[Event "14e Open International - St Denis de la "]
[Site "Saint Denis"]
[Date "2012.10.06"]
[Round "1.31"]
[White "Genne, Rene"]
[Black "Sandjivy, Mateo"]
[Result "1-0"]
[WhiteElo "1795"]
[BlackElo "1360"]
[PlyCount "97"]
[EventDate "2012.??.??"]

1. b4 e5 2. Bb2 d6 3. e3 Nf6 4. b5 Bg4 5. Be2 Bxe2 6. Qxe2 Nbd7 7. Nf3 Qe7 8.
a4 a6 9. c4 d5 10. d3 e4 11. Nfd2 Nc5 12. dxe4 dxe4 13. O-O g6 14. Nc3 Qe6 15.
Nd5 Nxd5 16. cxd5 Qxd5 17. Bxh8 O-O-O 18. Bd4 Nb3 19. Nxb3 Qxb3 20. bxa6 bxa6
21. Qxa6+ Kd7 22. Qb5+ Qxb5 23. axb5 Kc8 24. Rfc1 Kb7 25. g3 Bh6 26. Ra7+ Kb8
27. Rcxc7 Rf8 28. Rxf7 Rxf7 29. Rxf7 Bg5 30. Rxh7 Bd8 31. Rh8 Kc8 32. Bf6 Kc7
33. Bxd8+ Kc8 34. b6 g5 35. Bxg5+ Kb7 36. Rh6 Ka6 37. Bd8 Kb7 38. Bc7 Ka6 39.
Re6 Kb7 40. Rxe4 Ka6 41. h4 Kb7 42. h5 Ka6 43. h6 Kb7 44. h7 Ka6 45. h8=Q Kb7
46. Qb8+ Kc6 47. Qa8+ Kb5 48. Qd5+ Ka6 49. Ra4# 1-0

[Event "14e Open International - St Denis de la "]
[Site "Saint Denis"]
[Date "2012.10.06"]
[Round "1.32"]
[White "Singuina, Yvan"]
[Black "Duprey, Francois-Xavier"]
[Result "0-1"]
[WhiteElo "1350"]
[BlackElo "1792"]
[PlyCount "80"]
[EventDate "2012.??.??"]

1. e4 c5 2. Nf3 d6 3. Bc4 Nc6 4. h3 Nf6 5. d3 g6 6. Bd2 Bg7 7. O-O O-O 8. Nc3
Na5 9. Bb5 a6 10. Bc4 b5 11. Bb3 Nxb3 12. axb3 b4 13. Na2 Bb7 14. Re1 Nd7 15.
d4 a5 16. c3 Qb6 17. Qc2 Rfc8 18. Be3 cxd4 19. Bg5 e6 20. Rad1 dxc3 21. bxc3
bxc3 22. Be7 d5 23. e5 Nxe5 24. Nxe5 Qc7 25. Nxg6 hxg6 26. Bg5 d4 27. Qd3 Qc6
28. Qg3 Qb5 29. h4 Bd5 30. h5 Bxb3 31. Rb1 Rc5 32. f4 Qc4 33. hxg6 Bxa2 34.
Rbc1 d3 35. gxf7+ Kxf7 36. f5 Rxf5 37. Rf1 Bd4+ 38. Kh1 Rh8+ 39. Bh4 Bf6 40.
Rxf5 Qxh4+ 0-1

[Event "14e Open International - St Denis de la "]
[Site "Saint Denis"]
[Date "2012.10.06"]
[Round "1.33"]
[White "Mablouke, Ulrich"]
[Black "Dennemont, Bruno"]
[Result "1/2-1/2"]
[WhiteElo "1785"]
[BlackElo "1299"]
[PlyCount "133"]
[EventDate "2012.??.??"]

1. e4 e5 2. Nf3 Nc6 3. d4 d6 4. dxe5 dxe5 5. Qxd8+ Nxd8 6. Nxe5 Nf6 7. Bd3 Bb4+
8. Bd2 Bd6 9. Nc4 Bc5 10. b4 Bd4 11. c3 Bb6 12. Nxb6 axb6 13. Bg5 c5 14. Bxf6
gxf6 15. Bb5+ Bd7 16. Bxd7+ Kxd7 17. O-O Re8 18. Nd2 cxb4 19. cxb4 Nc6 20. Nc4
Kc7 21. b5 Rxe4 22. bxc6 Rxc4 23. cxb7 Kxb7 24. Rfe1 Rac8 25. g3 R8c7 26. Kg2
f5 27. Re5 f4 28. Rf5 fxg3 29. hxg3 h6 30. Rf6 h5 31. Rb1 R4c6 32. Rxc6 Rxc6
33. Kf3 Rf6+ 34. Ke3 Re6+ 35. Kd3 f5 36. Rb4 Kc6 37. a4 Kc5 38. Rb5+ Kc6 39.
Rxf5 Rh6 40. Ke4 h4 41. gxh4 Rxh4+ 42. Rf4 Rh2 43. Ke5 Kc5 44. Ke6 Rh1 45. Kd7
Rd1+ 46. Kc7 Rf1 47. Rf5+ Kb4 48. Kxb6 Kxa4 49. Rf8 Rb1+ 50. Kc5 Rc1+ 51. Kd4
Kb5 52. f4 Rd1+ 53. Ke5 Re1+ 54. Kd6 Rd1+ 55. Ke7 Re1+ 56. Kf6 Rf1 57. Kf5 Kc6
58. Rg8 Kd6 59. Rg7 Kd5 60. Rg4 Re1 61. Kg5 Re8 62. f5 Ke5 63. Rf4 Rg8+ 64. Kh6
Kxf4 65. f6 Rf8 66. Kg7 Rxf6 67. Kxf6 1/2-1/2

[Event "14e Open International - St Denis de la "]
[Site "Saint Denis"]
[Date "2012.10.06"]
[Round "1.34"]
[White "Caro, Vincent"]
[Black "Desire, Michael"]
[Result "0-1"]
[WhiteElo "1280"]
[BlackElo "1780"]
[PlyCount "56"]
[EventDate "2012.??.??"]

1. f4 e5 2. g3 exf4 3. Nf3 Be7 4. d3 fxg3 5. hxg3 d5 6. Nc3 Bf5 7. e3 Qd6 8.
Rg1 c6 9. g4 Bg6 10. Qe2 Nd7 11. Bd2 h5 12. gxh5 Bxh5 13. O-O-O Ne5 14. Bg2 Nf6
15. Rh1 O-O-O 16. Rdf1 Nfg4 17. Nxe5 Qxe5 18. Rxh5 Qxh5 19. Rh1 Qg6 20. Bh3 Kb8
21. Qf3 Ne5 22. Qf4 Bd6 23. Qf2 Qxd3 24. Bf5 Rxh1+ 25. Nd1 Qa6 26. Kb1 Rxd1+
27. Bc1 Nc4 28. Bd3 Na3+ 0-1

[Event "14e Open International - St Denis de la "]
[Site "Saint Denis"]
[Date "2012.10.06"]
[Round "1.35"]
[White "Bah, Ismael"]
[Black "Ringayen, Francinel"]
[Result "1-0"]
[WhiteElo "1768"]
[BlackElo "1180"]
[PlyCount "103"]
[EventDate "2012.??.??"]

1. b4 e5 2. a3 b5 3. Bb2 Bd6 4. d3 c5 5. bxc5 Bxc5 6. Bxe5 f6 7. Bb2 b4 8. a4
Qa5 9. Nd2 Qb6 10. e3 Bxe3 11. fxe3 Qxe3+ 12. Qe2 Qxe2+ 13. Bxe2 Ne7 14. Bh5+
Ng6 15. Ngf3 O-O 16. Bxg6 hxg6 17. O-O Re8 18. Rfe1 Rxe1+ 19. Rxe1 Kf7 20. Nc4
Ba6 21. Nd6+ Kg8 22. Re8+ Kh7 23. Nd4 Kh6 24. Bc1+ g5 25. Bd2 g6 26. Bxb4 Kg7
27. Ba5 Kh7 28. Bc7 Nc6 29. Nxc6 Rxe8 30. Nxe8 dxc6 31. Nxf6+ Kg7 32. Ne4 Kh6
33. g4 Bc8 34. h3 a6 35. Bd8 c5 36. Bxg5+ Kg7 37. Nxc5 a5 38. Bd8 Kf7 39. Bxa5
Ke7 40. Bb4 Kf6 41. a5 Ke5 42. a6 Bxa6 43. Nxa6 Kd4 44. h4 Ke5 45. h5 gxh5 46.
gxh5 Kf6 47. h6 Kg6 48. Bd2 Kh7 49. c4 Kg8 50. c5 Kf8 51. c6 Ke8 52. h7 1-0

[Event "14e Open International - St Denis de la "]
[Site "Saint Denis"]
[Date "2012.10.06"]
[Round "1.36"]
[White "Cazal, Julian"]
[Black "Olivier, Tom"]
[Result "0-1"]
[WhiteElo "1130"]
[BlackElo "1760"]
[PlyCount "64"]
[EventDate "2012.??.??"]

1. e4 c5 2. Nc3 Nc6 3. Nf3 d6 4. Bc4 e6 5. O-O a6 6. d3 Nf6 7. Be3 d5 8. exd5
exd5 9. Bb3 d4 10. Bf4 dxc3 11. Re1+ Be7 12. bxc3 O-O 13. Nh4 Na5 14. Ba4 b5
15. Bb3 Nxb3 16. cxb3 Bd6 17. Bd2 Ng4 18. g3 Ne5 19. Qc1 Nxd3 20. Bg5 Nxc1 21.
Bxd8 Nxb3 22. axb3 Rxd8 23. Rad1 Bb7 24. Nf5 Bf8 25. Rxd8 Rxd8 26. Nh4 g6 27.
Rb1 Bg7 28. c4 Rd2 29. cxb5 axb5 30. Ra1 Bxa1 31. Ng2 Rd1+ 32. Ne1 Rxe1# 0-1

[Event "14e Open International - St Denis de la "]
[Site "Saint Denis"]
[Date "2012.10.06"]
[Round "1.37"]
[White "Vitry, Patrick"]
[Black "Sandjivy, Vivien"]
[Result "1-0"]
[WhiteElo "1750"]
[BlackElo "1100"]
[PlyCount "51"]
[EventDate "2012.??.??"]

1. Nf3 Nf6 2. c4 d6 3. Nc3 e5 4. d3 Nbd7 5. g3 Nc5 6. b4 Na6 7. a3 c6 8. Bg2 g6
9. O-O Bg7 10. Rb1 O-O 11. Qc2 Bd7 12. Rd1 c5 13. e3 Qb6 14. Qb3 cxb4 15. axb4
Rac8 16. Ng5 h6 17. Nge4 Be6 18. Nxf6+ Bxf6 19. Nd5 Bxd5 20. Bxd5 Nc7 21. e4 g5
22. Be3 Qa6 23. Ra1 Qxa1 24. Rxa1 Nxd5 25. exd5 a6 26. b5 1-0

[Event "14e Open International - St Denis de la "]
[Site "Saint Denis"]
[Date "2012.10.06"]
[Round "1.38"]
[White "Ah Soune, Alexandra"]
[Black "Herrero, Alain"]
[Result "0-1"]
[WhiteElo "1090"]
[BlackElo "1726"]
[PlyCount "84"]
[EventDate "2012.??.??"]

1. e4 c5 2. d3 g6 3. Nf3 Bg7 4. Be2 Nc6 5. O-O Nf6 6. c3 O-O 7. Be3 b6 8. c4 d6
9. a3 Ng4 10. Bf4 Bxb2 11. Ra2 Bg7 12. h3 Nge5 13. Ng5 Nd4 14. Nc3 h6 15. Nxf7
Rxf7 16. Qd2 Kh7 17. Re1 Bb7 18. Rb2 e6 19. Be3 d5 20. Nb5 Nxe2+ 21. Rxe2 dxe4
22. d4 Nxc4 23. Qc3 Nxb2 24. Qxb2 cxd4 25. Nxd4 Qd5 26. Qd2 Rd8 27. Nxe6 Qxd2
28. Bxd2 Rd3 29. a4 Be5 30. g3 Rfd7 31. Nf8+ Kg7 32. Nxd7 Rxd7 33. Bb4 Rd1+ 34.
Kh2 e3 35. f3 Bxf3 36. Re1 Bd4 37. g4 Be5+ 38. Kg1 Bg3 39. Bc3+ Kf7 40. Rf1
Bf2+ 41. Kh2 Rxf1 42. Be5 Rh1# 0-1

[Event "14e Open International - St Denis de la "]
[Site "Saint Denis"]
[Date "2012.10.06"]
[Round "1.39"]
[White "Atlan, Yoram"]
[Black "Collowald, Adrien"]
[Result "1-0"]
[WhiteElo "1009"]
[BlackElo "1009"]
[PlyCount "63"]
[EventDate "2012.??.??"]

1. e4 e6 2. Nf3 Nf6 3. d4 d5 4. e5 Ng4 5. Nc3 Bb4 6. Bd2 Bxc3 7. Bxc3 O-O 8.
Bb4 Re8 9. Be2 Nc6 10. Qd2 a5 11. Bc5 b6 12. Ba3 Bb7 13. O-O Rc8 14. Bb5 Na7
15. Bxe8 Qxe8 16. h3 Nh6 17. b4 Nb5 18. Qc1 Nxa3 19. Qxa3 axb4 20. Qxb4 c5 21.
dxc5 bxc5 22. Qxb7 Rb8 23. Qa6 Ra8 24. Qe2 Nf5 25. g4 Nd4 26. Nxd4 cxd4 27. c4
dxc4 28. Qxc4 Qd8 29. Rfd1 Rc8 30. Qxd4 Qxd4 31. Rxd4 Rc3 32. Rd8# 1-0

[Event "14e Open International - St Denis de la "]
[Site "Saint Denis"]
[Date "2012.10.07"]
[Round "2.1"]
[White "Goorsahye, Antoine"]
[Black "Akshat, Khamparia"]
[Result "0-1"]
[WhiteElo "1899"]
[BlackElo "2382"]
[PlyCount "64"]
[EventDate "2012.??.??"]

1. d4 Nf6 2. c4 Nc6 3. d5 Ne5 4. Qd4 Ng6 5. Nc3 e5 6. dxe6 fxe6 7. Nf3 d6 8. g3
Be7 9. Bg2 O-O 10. O-O Nh8 11. e4 Nf7 12. h3 Nd7 13. Be3 Nfe5 14. Nxe5 Nxe5 15.
f4 c5 16. Qd2 Nxc4 17. Qe2 Nxe3 18. Qxe3 Bd7 19. e5 d5 20. Qd3 c4 21. Qd2 Bb4
22. f5 Qe7 23. f6 gxf6 24. Rxf6 Rxf6 25. exf6 Qxf6 26. Rf1 Qg7 27. Rf4 Kh8 28.
Rg4 Qe5 29. Rg5 Qf6 30. Rg4 Bc6 31. Nxd5 Bc5+ 32. Ne3 Rd8 0-1

[Event "14e Open International - St Denis de la "]
[Site "Saint Denis"]
[Date "2012.10.07"]
[Round "2.2"]
[White "Hecht, Hans-Joachim"]
[Black "Frisk, Anders"]
[Result "1-0"]
[WhiteElo "2347"]
[BlackElo "1899"]
[PlyCount "57"]
[EventDate "2012.??.??"]

1. d4 d5 2. c4 e5 3. dxe5 d4 4. Nf3 Nc6 5. a3 Nge7 6. e3 Nf5 7. g4 Nh4 8. h3
Be7 9. Nxh4 Bxh4 10. Bg2 Nxe5 11. exd4 Qf6 12. Be3 Ng6 13. Nc3 c6 14. Qd2 Be6
15. d5 Bd7 16. Ne4 Qe5 17. Bd4 Qf4 18. Bxg7 Rg8 19. Bc3 O-O-O 20. O-O-O f5 21.
Qxf4 Nxf4 22. Nd6+ Kc7 23. dxc6 Bxc6 24. Bxc6 Ne2+ 25. Kc2 Nxc3 26. Kxc3 fxg4
27. Bd5 Rgf8 28. Nb5+ Kb6 29. hxg4 1-0

[Event "14e Open International - St Denis de la "]
[Site "Saint Denis"]
[Date "2012.10.07"]
[Round "2.3"]
[White "Dijoux, Julien"]
[Black "Letreguilly, Olivier"]
[Result "1/2-1/2"]
[WhiteElo "1883"]
[BlackElo "2343"]
[PlyCount "150"]
[EventDate "2012.??.??"]

1. d4 Nf6 2. Nf3 e6 3. c4 b6 4. g3 Ba6 5. Qc2 Bb7 6. Bg2 c5 7. dxc5 bxc5 8. O-O
Nc6 9. Nc3 Be7 10. Bf4 Nh5 11. Qd2 Nxf4 12. Qxf4 Qb8 13. Qe3 O-O 14. Rfd1 d6
15. Rac1 a6 16. b3 Qc7 17. Rd2 Rad8 18. Rcd1 h6 19. Bh3 Bc8 20. Kh1 Rfe8 21.
Kg1 Bf8 22. a3 Qa5 23. Na4 Bb7 24. Rd3 Nb8 25. Bg2 Bc6 26. Qd2 Qc7 27. Nc3 Qb7
28. Qc2 Nd7 29. R1d2 Nf6 30. Qd1 Rb8 31. Rb2 a5 32. Nh4 Ng4 33. Bxc6 Qxc6 34.
Nf3 Nf6 35. Qd2 d5 36. cxd5 exd5 37. Nxd5 Nxd5 38. Rxd5 Rxe2 39. Qxe2 Qxd5 40.
Nd2 a4 41. Qe3 axb3 42. Rxb3 Rxb3 43. Nxb3 c4 44. Qd4 Qxd4 45. Nxd4 Bxa3 46.
Nc2 Bc1 47. Kf1 Kh7 48. Ke2 Kg6 49. f3 h5 50. Kd1 Bb2 51. Kd2 h4 52. Ne3 Bd4
53. Nxc4 f6 54. Ne3 Be5 55. Nf1 Kh5 56. Ke3 f5 57. f4 Bb2 58. Kf3 Bc1 59. h3
hxg3 60. Nxg3+ Kg6 61. Ne2 Bd2 62. Kg2 Kf6 63. Kf3 g6 64. Nd4 Bc3 65. Ne2 Bb2
66. Kg3 Kg7 67. Kf3 Kh6 68. Ng3 Bc1 69. h4 Ba3 70. h5 gxh5 71. Nxf5+ Kg6 72.
Ng3 h4 73. Kg4 hxg3 74. Kxg3 Bd6 75. Kf2 Bxf4 1/2-1/2

[Event "14e Open International - St Denis de la "]
[Site "Saint Denis"]
[Date "2012.10.07"]
[Round "2.4"]
[White "Reinhart, Emmanuel"]
[Black "Rajaonson, Andriamahenina"]
[Result "1-0"]
[WhiteElo "2312"]
[BlackElo "1897"]
[PlyCount "50"]
[EventDate "2012.??.??"]

1. e4 e6 2. d4 d5 3. e5 c5 4. c3 Nc6 5. Nf3 Bd7 6. Be2 Qb6 7. O-O cxd4 8. cxd4
f6 9. Nc3 fxe5 10. dxe5 Nge7 11. Be3 Qa5 12. Bd3 g6 13. Nb5 Nf5 14. Bd2 Qb6 15.
a4 Na5 16. g4 Nh6 17. Be3 Qd8 18. Bg5 Qb6 19. Rc1 Bxb5 20. Bxb5+ Nc6 21. Nd4
Rc8 22. Nxe6 Nf7 23. Be3 Qa5 24. Qxd5 Nfd8 25. Rfd1 Bb4 1-0

[Event "14e Open International - St Denis de la "]
[Site "Saint Denis"]
[Date "2012.10.07"]
[Round "2.5"]
[White "Seyfried, Claus"]
[Black "Caron, Jean-Marie"]
[Result "1-0"]
[WhiteElo "2160"]
[BlackElo "1872"]
[PlyCount "85"]
[EventDate "2012.??.??"]

1. e4 e6 2. d4 d5 3. Nd2 Nf6 4. e5 Ng8 5. Bd3 c5 6. c3 Nc6 7. Ne2 Nge7 8. O-O
Bd7 9. Nf3 Ng6 10. Re1 Be7 11. g3 c4 12. Bc2 b5 13. h4 b4 14. b3 bxc3 15. bxc4
Nb4 16. c5 Nxc2 17. Qxc2 h6 18. Nxc3 Bc6 19. h5 Nf8 20. Rb1 Qa5 21. Bd2 Qa6 22.
a4 Qc4 23. Rb2 Bd8 24. Nb5 Ke7 25. Reb1 g5 26. Nd6 Qxc2 27. Rxc2 Bc7 28. Rcb2
Rh7 29. Rb7 Kd8 30. R7b4 Nd7 31. Nb5 Rb8 32. Nxa7 Bxa4 33. Ra1 Rxb4 34. Bxb4
Bb3 35. Nd2 Bc2 36. Nb5 f5 37. Ra7 Nb8 38. Nxc7 Rxc7 39. Ba5 Nc6 40. Bxc7+ Kc8
41. Ra2 Nxd4 42. Bd6 Bd1 43. Ra8+ 1-0

[Event "14e Open International - St Denis de la "]
[Site "Saint Denis"]
[Date "2012.10.07"]
[Round "2.6"]
[White "Dalleau, Philippe"]
[Black "Rodier, David"]
[Result "0-1"]
[WhiteElo "1846"]
[BlackElo "2133"]
[PlyCount "65"]
[EventDate "2012.??.??"]

1. c4 Nf6 2. Nc3 e5 3. g3 Bb4 4. Bg2 O-O 5. e3 Bxc3 6. dxc3 e4 7. Ne2 Nc6 8.
O-O Ne5 9. b3 d6 10. h3 Bf5 11. Nd4 Bg6 12. g4 h5 13. f3 exf3 14. Nxf3 Nxf3+
15. Bxf3 hxg4 16. hxg4 Ne4 17. Qe1 Qe7 18. a4 Rfe8 19. Ra2 Ng5 20. Bg2 c6 21.
Qg3 Qe5 22. Qxe5 Rxe5 23. Raf2 Be4 24. Ba3 c5 25. Bc1 Bxg2 26. Kxg2 Ne4 27. Rf5
Re6 28. Bb2 Nd2 29. b4 Nxf1 30. Rxf1 Rxe3 31. bxc5 Re2+ 32. Rf2 Rxf2+ 33. Kxf2
0-1

[Event "14e Open International - St Denis de la "]
[Site "Saint Denis"]
[Date "2012.10.07"]
[Round "2.7"]
[White "Haanshuus, Aslak"]
[Black "Frelicot, Eric"]
[Result "1-0"]
[WhiteElo "2059"]
[BlackElo "1827"]
[PlyCount "121"]
[EventDate "2012.??.??"]

1. d4 c6 2. Nf3 d5 3. e3 Nf6 4. c4 Bg4 5. Qb3 Bxf3 6. Qxb7 Nbd7 7. gxf3 Qc8 8.
Qxc8+ Rxc8 9. Nc3 e6 10. cxd5 exd5 11. e4 dxe4 12. fxe4 Bb4 13. f3 O-O 14. a3
Ba5 15. Bf4 Bc7 16. Bxc7 Rxc7 17. O-O-O a5 18. Be2 Rb8 19. Rd2 Nh5 20. Rhd1 Nf4
21. Bc4 Nf6 22. Na4 g6 23. Nc5 Rd8 24. b3 Ne8 25. e5 Nd5 26. Re1 Ng7 27. Kb2
Ne6 28. Ne4 Kg7 29. Nd6 Ne7 30. Rf1 Nc8 31. Bxe6 fxe6 32. Nc4 Ra7 33. Kc3 Ne7
34. Ne3 Rad7 35. Rff2 Nd5+ 36. Kd3 Nf4+ 37. Ke4 Nd5 38. Rd3 Ne7 39. f4 Nf5 40.
Nxf5+ gxf5+ 41. Ke3 c5 42. Rfd2 cxd4+ 43. Rxd4 Rxd4 44. Rxd4 Rb8 45. b4 axb4
46. Rxb4 Ra8 47. a4 Kf8 48. Rb7 Rxa4 49. Rxh7 Re4+ 50. Kf3 Ra4 51. Kg3 Ra3+ 52.
Kh4 Rf3 53. Kg5 Rf2 54. Kf6 Kg8 55. Rh4 Ra2 56. Kxe6 Kg7 57. Kxf5 Ra5 58. Rg4+
Kf7 59. h4 Ra6 60. e6+ Kf8 61. Kf6 1-0

[Event "14e Open International - St Denis de la "]
[Site "Saint Denis"]
[Date "2012.10.07"]
[Round "2.8"]
[White "Jotee, Ashvin"]
[Black "Roblet, Charles"]
[Result "0-1"]
[WhiteElo "1799"]
[BlackElo "2058"]
[PlyCount "126"]
[EventDate "2012.??.??"]

1. c4 Nf6 2. Nf3 c5 3. Nc3 g6 4. g3 Bg7 5. Bg2 O-O 6. O-O Nc6 7. d4 cxd4 8.
Nxd4 Nxd4 9. Qxd4 d6 10. Qd1 Qa5 11. Qb3 Rb8 12. Nd5 Nxd5 13. cxd5 Bd7 14. Bg5
Rfe8 15. Rac1 Kf8 16. Rfd1 Qb5 17. Qxb5 Bxb5 18. Rd2 Rec8 19. Rdc2 Bd7 20.
Rxc8+ Rxc8 21. Rxc8+ Bxc8 22. b3 Bd4 23. Bd2 Bf5 24. e3 Bb2 25. e4 Bg4 26. f3
Bd4+ 27. Kf1 Bd7 28. a4 h5 29. Ke2 Bg1 30. h3 f6 31. Be3 Bxe3 32. Kxe3 e5 33.
h4 Ke7 34. f4 Kd8 35. fxe5 fxe5 36. a5 Kc7 37. b4 b6 38. axb6+ Kxb6 39. Kd3 Kb5
40. Kc3 Ka4 41. Bf1 Bg4 42. Bd3 Bd1 43. Ba6 Bf3 44. Bd3 Ka3 45. Bc2 Be2 46. Bb1
Bb5 47. Bc2 Ka2 48. Bb3+ Kb1 49. Bc2+ Kc1 50. Bb3 Kb1 51. Bc2+ Ka2 52. Bb3+ Ka1
53. Bc2 Ka2 54. Bb3+ Kb1 55. Bc2+ Kc1 56. Bb3 Be2 57. Bc2 Bf3 58. Bd3 Kd1 59.
Kc4 Kd2 60. Bb1 Be2+ 61. Kb3 Bb5 62. Kb2 Ke3 63. Kc3 Kf3 0-1

[Event "14e Open International - St Denis de la "]
[Site "Saint Denis"]
[Date "2012.10.07"]
[Round "2.9"]
[White "Hamon, Christian"]
[Black "Weber, Richard"]
[Result "1-0"]
[WhiteElo "2053"]
[BlackElo "1811"]
[PlyCount "61"]
[EventDate "2012.??.??"]

1. d4 e6 2. Nf3 c5 3. c4 Nf6 4. Nc3 Be7 5. e4 cxd4 6. Nxd4 e5 7. Nf5 d6 8.
Nxg7+ Kf8 9. Bh6 Kg8 10. Nf5 Bxf5 11. exf5 Bf8 12. Bg5 Bg7 13. Qd2 h6 14. Bh4
Nc6 15. Bd3 Nd4 16. O-O Qd7 17. Bxf6 Bxf6 18. Nd5 Bg5 19. f4 exf4 20. h4 Qd8
21. hxg5 hxg5 22. Qc3 Nc6 23. Nf6+ Kg7 24. Ne8+ Kf8 25. Qxh8+ Ke7 26. Rfe1+ Ne5
27. Rxe5+ dxe5 28. Qxe5+ Kf8 29. Qh8+ Ke7 30. Re1+ Kd7 31. Qd4+ 1-0

[Event "14e Open International - St Denis de la "]
[Site "Saint Denis"]
[Date "2012.10.07"]
[Round "2.10"]
[White "Duprey, Francois-Xavier"]
[Black "Boos, Olivier"]
[Result "0-1"]
[WhiteElo "1792"]
[BlackElo "2014"]
[PlyCount "66"]
[EventDate "2012.??.??"]

1. c4 Nf6 2. Nf3 g6 3. g3 Bg7 4. Bg2 O-O 5. O-O d5 6. Qc2 c6 7. d3 Na6 8. a3
Re8 9. Nbd2 e5 10. e4 h6 11. cxd5 cxd5 12. exd5 Nxd5 13. Re1 Nb6 14. Nc4 Nxc4
15. Qxc4 Bf5 16. Qb5 Qd6 17. d4 e4 18. Nh4 Bd7 19. Bf4 Qxd4 20. Qxb7 Nc5 21.
Qc7 Nd3 22. Be3 Qd5 23. Bf1 Rec8 24. Qxc8+ Rxc8 25. Red1 g5 26. Ng2 Bxb2 27.
Rab1 Bxa3 28. Ne1 Bb5 29. Bxa7 Qf5 30. Nxd3 exd3 31. Be3 Rd8 32. Rd2 Bc6 33.
Rb3 Qf3 0-1

[Event "14e Open International - St Denis de la "]
[Site "Saint Denis"]
[Date "2012.10.07"]
[Round "2.11"]
[White "Rakotomaharo, Fy Antenaina"]
[Black "Genne, Rene"]
[Result "1-0"]
[WhiteElo "1995"]
[BlackElo "1795"]
[PlyCount "47"]
[EventDate "2012.??.??"]

1. e4 c5 2. Nf3 e6 3. d3 Nc6 4. g3 Qc7 5. Bg2 Nf6 6. O-O Be7 7. Re1 d6 8. c3
O-O 9. d4 cxd4 10. cxd4 a6 11. Nc3 b5 12. e5 Nd7 13. d5 Na5 14. dxe6 fxe6 15.
exd6 Qxd6 16. Nd4 Bb7 17. Rxe6 Qc5 18. Bxb7 Nxb7 19. Ne4 Qd5 20. Rxe7 Nbc5 21.
Nxc5 Nxc5 22. Qg4 g6 23. Bh6 Rf7 24. Rae1 1-0

[Event "14e Open International - St Denis de la "]
[Site "Saint Denis"]
[Date "2012.10.07"]
[Round "2.12"]
[White "Desire, Michael"]
[Black "Ramasindraibe, Girard"]
[Result "0-1"]
[WhiteElo "1780"]
[BlackElo "1982"]
[PlyCount "72"]
[EventDate "2012.??.??"]

1. d4 Nf6 2. c4 g6 3. Nc3 d5 4. cxd5 Nxd5 5. e4 Nxc3 6. bxc3 c5 7. Be3 Bg7 8.
Bc4 O-O 9. Ne2 Qc7 10. Qb3 Nc6 11. Bd5 e6 12. Bxc6 Qxc6 13. f3 b6 14. O-O Ba6
15. Rfe1 Rfd8 16. Rad1 cxd4 17. cxd4 Bc4 18. Qb2 Rac8 19. Rc1 Qa4 20. Nc3 Qa5
21. Red1 Bf8 22. e5 Ba3 23. Qf2 Bxc1 24. Ne4 Bxe3 25. Qxe3 f5 26. Nf6+ Kh8 27.
Qg5 Qa3 28. h4 Qf8 29. h5 h6 30. Qe3 Qg7 31. hxg6 Bd5 32. Rd2 Qxg6 33. g3 Rc1+
34. Kh2 Rdc8 35. Qe2 Qg5 36. Nxd5 Qh5+ 0-1

[Event "14e Open International - St Denis de la "]
[Site "Saint Denis"]
[Date "2012.10.07"]
[Round "2.13"]
[White "Linder, Oliver"]
[Black "Bah, Ismael"]
[Result "1-0"]
[WhiteElo "1980"]
[BlackElo "1768"]
[PlyCount "43"]
[EventDate "2012.??.??"]

1. d4 Nf6 2. Nf3 d5 3. e3 c6 4. Bd3 Bg4 5. Nbd2 e6 6. h3 Bh5 7. c4 Nbd7 8. Qc2
Bg6 9. b3 c5 10. Bb2 Rc8 11. Bxg6 hxg6 12. Rc1 cxd4 13. exd4 Qa5 14. O-O Qc7
15. Qd3 Qf4 16. cxd5 Rd8 17. dxe6 Nb8 18. Qb5+ Nc6 19. Rxc6 bxc6 20. Qxc6+ Nd7
21. exd7+ Rxd7 22. Ne5 1-0

[Event "14e Open International - St Denis de la "]
[Site "Saint Denis"]
[Date "2012.10.07"]
[Round "2.14"]
[White "Olivier, Tom"]
[Black "Rabe Andrianandrasan, Haingo"]
[Result "0-1"]
[WhiteElo "1760"]
[BlackElo "1978"]
[PlyCount "64"]
[EventDate "2012.??.??"]

1. d4 d5 2. c4 c6 3. Nc3 Nf6 4. Nf3 e6 5. Bg5 Be7 6. a3 Nbd7 7. e3 O-O 8. Bd3
dxc4 9. Bxc4 Nb6 10. Bb3 Nfd5 11. Bxe7 Qxe7 12. O-O Rd8 13. Qc2 h6 14. h3 Nd7
15. e4 Nf4 16. Rfe1 e5 17. d5 Qf6 18. Ne2 Nxh3+ 19. gxh3 Qxf3 20. Ng3 Nf6 21.
Re3 Qf4 22. dxc6 bxc6 23. Kg2 Qg5 24. Kh2 Qh4 25. Kg1 Bxh3 26. Rae1 Rd4 27. Rd1
Rad8 28. Rxd4 exd4 29. Rf3 Bg4 30. Rf4 Qg5 31. Qd2 Be6 32. Bc2 Nh5 0-1

[Event "14e Open International - St Denis de la "]
[Site "Saint Denis"]
[Date "2012.10.07"]
[Round "2.15"]
[White "Meier, Kurt"]
[Black "Vitry, Patrick"]
[Result "1-0"]
[WhiteElo "1960"]
[BlackElo "1750"]
[PlyCount "81"]
[EventDate "2012.??.??"]

1. e4 e5 2. Nf3 Nf6 3. d4 exd4 4. e5 Nd5 5. Qxd4 Nb6 6. Nc3 Nc6 7. Qe4 Be7 8.
Bd3 d5 9. exd6 Qxd6 10. Bf4 Qe6 11. Bxc7 Qxe4+ 12. Nxe4 Nd5 13. Bg3 O-O 14. Nd6
a6 15. a3 Rd8 16. Nxc8 Raxc8 17. O-O g6 18. Ne5 Nxe5 19. Bxe5 Bf6 20. Bxf6 Nxf6
21. Rfe1 Rc7 22. f3 Nd5 23. g3 Kf8 24. Kf2 Re7 25. Rxe7 Kxe7 26. Re1+ Kd6 27.
Be4 Kc7 28. Rd1 Nb6 29. Rxd8 Kxd8 30. Bxb7 Nc4 31. Bxa6 Nxb2 32. Ke2 Kc7 33.
Bb5 Kb6 34. a4 Ka5 35. Kd2 Nxa4 36. Bxa4 Kxa4 37. Kc3 Kb5 38. Kd4 Kc6 39. Ke5
f5 40. Kf6 Kd5 41. Kg7 1-0

[Event "14e Open International - St Denis de la "]
[Site "Saint Denis"]
[Date "2012.10.07"]
[Round "2.16"]
[White "Herrero, Alain"]
[Black "Chan-Kai-Hou, Fabrice"]
[Result "0-1"]
[WhiteElo "1726"]
[BlackElo "1954"]
[PlyCount "54"]
[EventDate "2012.??.??"]

1. d4 d5 2. c4 c6 3. Nf3 Nf6 4. Nc3 e6 5. e3 Nbd7 6. Bd3 dxc4 7. Bxc4 b5 8. Bd3
Bb7 9. e4 b4 10. e5 bxc3 11. exf6 cxb2 12. Bxb2 Nxf6 13. O-O Be7 14. Qa4 O-O
15. Rfd1 Qd6 16. Rac1 Qb4 17. Qxb4 Bxb4 18. Ne5 Rfc8 19. Rc4 Bd6 20. Bc2 c5 21.
dxc5 Bd5 22. cxd6 Bxc4 23. d7 Nxd7 24. Rxd7 Bxa2 25. Be4 Rab8 26. Ba3 f6 27.
Nf3 Rb3 0-1